000 00285nmm a2200097Ia 4500
008 220120s9999||||xx |||||||||||||||||und||
020 _a0-07-044580-X
100 _aMeier, Michael, L
245 0 _aIntroduction to material science
260 _aTata mcgraw hill company Ltd
_bNew Delhi
_c2012
999 _c139765
_d139765